00513nam a2200157Ia 4500008004100000041000800041082001600049100001900065245003600084250001400120260004200134300002500176365000900201999001500210952013000225240624s9999 xx 000 0 und d aeng a658.404 KER aKERZNER HAROLD aPROJECT MANAGEMENT CASE STUDIES a(2nd ed.) c2006aNew JerseybJohn Wiley and Sons axii, : 659p. ; 22cm. cb27 c4747d4747 00104070aIMTNbIMTNcRack 30-Ad2007-03-05eIBHg49.95n576o658.404 KERp4747r2024-06-24 00:00:00t44.28w2024-06-24yBK